000 00604nam a2200217 a 4500
001 BRCA_6144
005 20190320205340.0
008 050711s1910----gw-c######---#000-0#ger-#
041 _ager
044 _agw
050 4 _aPT2603 .I25
_b.S8 1910
100 1 _aBierbaum, Otto Julius
_d1865-1910
_915491
245 1 0 _aStipe
_cOtto Julius Bierbaum; mit Bildnisse des Berfaffers von Felix Ballottan.
250 _a8
260 _aBerlĂ­n
_bSchuster & Loeffler
_c1910
300 _a415 p.
_bil., retratos
_c18 cm.
500 _aK34
650 1 4 _aLiteratura Alemana
_96160
902 _aGFM
942 _2lcc
_cB
999 _c5831
_d5831